000
00182 a2200097 4500
020
_a
9780425281734
041
_a
eng
100
_a
Childs, Laura
245
_a
Eggs on ice
942
_c
BK
999
_c
31540
_d
31538